| 000 | 03042cam a2200325 a 4500 | ||
|---|---|---|---|
| 001 | 4330506 | ||
| 005 | 20170822174849.0 | ||
| 008 | 980108s1997 maua b 001 0 eng c | ||
| 020 | _a0240808304 | ||
| 035 | _a(OCoLC)ocm38172296 | ||
| 035 | _a(NNC)4330506 | ||
| 040 |
_aUMC _cBSU _dBSU _dNRM _dOrLoB-B |
||
| 042 | _apcc | ||
| 050 | 4 |
_aTK7881.4 _b.D38 1997 |
|
| 082 |
_222 _a621.389 DAV |
||
| 092 | _a620.2 | ||
| 100 | 1 |
_aDavis, Don, _d1928- _911151 |
|
| 245 | 1 | 0 |
_aSound system engineering / _cDon Davis and Carolyn Davis. |
| 250 | _a3rd ed. | ||
| 260 |
_aBoston : _bFocal Press, _cc1997. |
||
| 300 |
_axvii, 665 p. : _bill. ; _c26 cm. |
||
| 504 | _aIncludes bibliographical references and index. | ||
| 505 | 0 | 0 |
_g1. _tAudio Systems -- _g2. _tMathematics for Audio Systems -- _g3. _tUsing the Decibel -- _g4. _tImpedance Matching -- _g5. _tInterfacing Electrical and Acoustic Systems -- _g6. _tLoudspeaker Directivity and Coverage -- _g7. _tThe Acoustic Environment -- _g8. _tLarge-Room Acoustics -- _g9. _tSmall-Room Acoustics -- _g10. _tDesigning for Speech Intelligibility -- _g11. _tDesigning for Acoustic Gain -- _g12. _tMicrophones -- _g13. _tLoudspeakers and Loudspeaker Arrays -- _g14. _tUsing Delay Devices -- _g15. _tInstalling the Sound System -- _g16. _tEqualizing the Sound System -- _g17. _tAudio and Acoustic Instrumentation -- _g18. _tPutting It All Together -- _g19. _tSpecifications -- _gApp. I. _tSymbols and Abbreviations -- _gApp. II. _tRecommended Wiring Practices -- _gApp. III. _tEstablishing Loudspeaker Directivity Figure of Merit -- _gApp. IV. _tPriority Systems -- _gApp. V. _tDirectivity of Instruments and Devices -- _gApp. VI. _tVentilation of Electronic Components -- _gApp. VII. _tDefinitions of Terms -- _gApp. VIII. _tThe Development of the Multiboundary Pressure Zone Microphone -- _gApp. IX. _tA Microprocessor-Based TEF Analyzer -- _gApp. X. _tSpeech Reception and Information -- _gApp. XI. _tDirectivity Response of Single Direct-Radiator Loudspeakers in Enclosures. |
| 520 | 1 | _a"Like the first edition, Sound System Engineering is a comprehensive text ... useful in the day-to-day work of designing sound systems. It is a practical manual that carefully examines a step-by-step method of accurately predicting such variables as acoustic gain, speech intelligibility, and required electrical input power while plans are still on the drawing board. This approach can save your clients thousands of dollars." "Emphasizing the time-energy-frequency analyzer, the authors discuss problems that might occur in a sound system as it evolves through design, installation, equalization, operation, and maintenance." "The book contains 19 heavily illustrated, information-packed chapters and 11 appendixes." "This accurate, complete, and concise tool is a necessary addition to the library of anyone involved in audio engineering."--BOOK JACKET. | |
| 650 | 0 |
_aSound _xEquipment and supplies. _911152 |
|
| 650 | 0 |
_aElectro-acoustics. _911153 |
|
| 658 | _aEngineering | ||
| 700 | 1 |
_aDavis, Carolyn, _d1930- _911154 |
|
| 942 |
_2ddc _cBK |
||
| 999 |
_c5271 _d5271 |
||